[Event "FIDE Online Olympiad"]
[Site "Chess.com"]
[Date "2020.08.07"]
[EventDate "2020.08.07"]
[Round "1"]
[Result "1-0"]
[White "Thanadon Kulpruethanon"]
[Black "Richmond Phiri"]
[WhiteElo "2190"]
[BlackElo "2270"]
[PlyCount "91"]

1. Nf3 Nf6 2. g3 b6 3. Bg2 Bb7 4. O-O c5 5. c4 e6 6. Nc3 Be7
7. d4 cxd4 8. Qxd4 O-O 9. Rd1 d6 10. b3 Nbd7 11. e4 a6 12. Ba3
Nc5 13. e5 dxe5 14. Qxd8 Rfxd8 15. Nxe5 Bxg2 16. Kxg2 Bf8
17. Bxc5 bxc5 18. f4 Rac8 19. Kf3 h5 20. h3 g6 21. g4 hxg4+
22. hxg4 Bg7 23. g5 Nh5 24. Ne4 Rd4 25. Rxd4 cxd4 26. Rd1 Rd8
27. c5 Bf8 28. b4 Kg7 29. a4 f5 30. gxf6+ Nxf6 31. Ng5 Re8
32. Rxd4 a5 33. bxa5 Bxc5 34. Rc4 Bd6 35. Rc6 Bxe5 36. fxe5
Nd7 37. Rc7 Re7 38. Ke3 Kh6 39. Ne4 Rg7 40. a6 Nxe5 41. Rxg7
Kxg7 42. a7 Nc4+ 43. Kd4 Nb6 44. Kc5 Na8 45. Kc6 g5 46. Kb7
1-0

[Event "FIDE Online Olympiad"]
[Site "Chess.com"]
[Date "2020.08.07"]
[EventDate "2020.08.07"]
[Round "1"]
[Result "1-0"]
[White "Constance Mbatha"]
[Black "Pornouma Promsirinimit"]
[WhiteElo "1647"]
[BlackElo "1559"]
[PlyCount "79"]

1. e4 Nc6 2. d4 e5 3. d5 Nce7 4. c4 Nf6 5. Nc3 Ng6 6. h3 a6
7. Bd3 Bc5 8. Nge2 O-O 9. O-O d6 10. a3 h6 11. Kh2 Nh7 12. f4
exf4 13. Bxf4 f5 14. Qd2 Nxf4 15. Nxf4 Qg5 16. Rad1 Bd4
17. exf5 Be5 18. g3 Bxf5 19. Bxf5 Rxf5 20. Ne4 Qe7 21. Ng6 Qf7
22. Nxe5 dxe5 23. Rxf5 Qxf5 24. Qe2 Rf8 25. Kg2 Ng5 26. Nxg5
Qxg5 27. c5 Rd8 28. b4 h5 29. h4 Qf5 30. Rf1 Qd7 31. Rd1 Qe8
32. Qe4 g6 33. Rd3 Kg7 34. Re3 c6 35. d6 Qf7 36. Qxe5+ Kh6
37. Qg5+ Kg7 38. Re7 Re8 39. Rxf7+ Kxf7 40. d7 1-0

[Event "FIDE Online Olympiad"]
[Site "Chess.com"]
[Date "2020.08.07"]
[EventDate "2020.08.07"]
[Round "1"]
[Result "1-0"]
[White "Rafat Issa"]
[Black "Thomas Kett"]
[WhiteElo "2392"]
[BlackElo "2108"]
[PlyCount "103"]

1. d4 d5 2. Nf3 e6 3. c4 c5 4. dxc5 Bxc5 5. e3 Nf6 6. Nc3 O-O
7. a3 dxc4 8. Qxd8 Rxd8 9. Bxc4 a6 10. b4 Be7 11. Bb2 b5
12. Be2 Bb7 13. O-O Nbd7 14. Rfd1 Nb6 15. Nd2 Nfd5 16. Nxd5
Bxd5 17. Rac1 Rac8 18. Bd4 Na4 19. f3 Bf6 20. Bxf6 gxf6 21. e4
Ba2 22. Nf1 Rxc1 23. Rxc1 Rd6 24. Kf2 Nb6 25. Ne3 Rd2 26. Ke1
Rb2 27. Rc6 Nc4 28. Nxc4 bxc4 29. Bxc4 Bxc4 30. Rxc4 Ra2
31. Rc3 Rxg2 32. Rc6 Rxh2 33. Rxa6 Rb2 34. Ra5 Kg7 35. Kd1 Kg6
36. Kc1 Rf2 37. b5 Rxf3 38. Kc2 Rf2+ 39. Kc3 Rf1 40. Ra4 Rc1+
41. Kd2 Rc8 42. b6 h5 43. b7 Rb8 44. Rb4 h4 45. Ke3 Kg5
46. Kf3 f5 47. exf5 Kxf5 48. a4 Ke5 49. a5 Kd6 50. a6 Kc7
51. a7 Rxb7 52. Rc4+ 1-0

[Event "FIDE Online Olympiad"]
[Site "Chess.com"]
[Date "2020.08.07"]
[EventDate "2020.08.07"]
[Round "1"]
[Result "1-0"]
[White "Alshaeby Boshra"]
[Black "Kimberly Chong"]
[WhiteElo "1978"]
[BlackElo "1790"]
[PlyCount "93"]

1. e4 d5 2. exd5 Nf6 3. c4 c6 4. d4 cxd5 5. Nc3 Bf5 6. Qb3 Qb6
7. Qxb6 axb6 8. cxd5 Na6 9. Bb5+ Bd7 10. Bxd7+ Nxd7 11. Nf3
Nb4 12. O-O Nf6 13. d6 exd6 14. Bf4 Nfd5 15. Rfe1+ Kd7
16. Nxd5 Nxd5 17. Bd2 Be7 18. a3 Rac8 19. Rac1 Rc6 20. Kf1
Rhc8 21. Ke2 Rc2 22. Kd3 Rxc1 23. Bxc1 Bf6 24. Be3 b5 25. Bd2
b6 26. g4 h6 27. h4 Re8 28. Rxe8 Kxe8 29. g5 hxg5 30. hxg5 Be7
31. Ke4 Nc7 32. d5 Na6 33. Nd4 Nc5+ 34. Kf5 g6+ 35. Kg4 Ne4
36. Be3 b4 37. axb4 f6 38. f4 f5+ 39. Kf3 Kd7 40. Ke2 Bd8
41. Kd3 Ng3 42. Ne6 Ne4 43. Nf8+ Ke7 44. Nxg6+ Kf7 45. Nh4 Bc7
46. Nxf5 Kg6 47. Kxe4 1-0

[Event "FIDE Online Olympiad"]
[Site "Chess.com"]
[Date "2020.08.07"]
[EventDate "2020.08.07"]
[Round "1"]
[Result "1-0"]
[White "Sameer Loay"]
[Black "Ifan Rathbone-Jones"]
[WhiteElo "2050"]
[BlackElo "1679"]
[PlyCount "83"]

1. Nf3 d5 2. g3 c6 3. Bg2 g6 4. O-O Bg7 5. d3 Nf6 6. Nbd2 Nbd7
7. e4 dxe4 8. dxe4 e5 9. Qe2 O-O 10. Nc4 Qc7 11. a4 Nc5
12. Nfd2 a5 13. b3 b5 14. axb5 cxb5 15. Ne3 Bb7 16. Bb2 Ncxe4
17. Nxe4 Nxe4 18. Rfd1 Qc5 19. c4 b4 20. Nd5 f5 21. Bxe4 fxe4
22. Bc1 Rf7 23. Be3 Qc6 24. Qg4 Bc8 25. Qxe4 Bf5 26. Ne7+ Rxe7
27. Qxc6 Rae8 28. Rxa5 Re6 29. Rd6 R6e7 30. Ra7 Bh3 31. Rxe7
Rxe7 32. Rd8+ Kf7 33. Qf3+ Bf5 34. g4 e4 35. Qf4 Be5 36. Qg5
Bf6 37. Rf8+ Kxf8 38. Qxf6+ Rf7 39. Qh8+ Ke7 40. gxf5 gxf5
41. Qe5+ Kf8 42. Bh6+ 1-0

[Event "FIDE Online Olympiad"]
[Site "Chess.com"]
[Date "2020.08.07"]
[EventDate "2020.08.07"]
[Round "1"]
[Result "1-0"]
[White "Shayanna Sivarajasingam"]
[Black "Alnasser Tala"]
[WhiteElo "1709"]
[BlackElo "1077"]
[PlyCount "121"]

1. e4 c5 2. Nf3 Nc6 3. Bb5 g6 4. O-O Bg7 5. c3 Nh6 6. d4 cxd4
7. cxd4 O-O 8. Nc3 f5 9. d5 a6 10. dxc6 axb5 11. cxd7 Bxd7
12. Qb3+ e6 13. Bxh6 Bxh6 14. exf5 Rxf5 15. Nd4 Rf7 16. Nxe6
Qb6 17. Rfe1 Qxf2+ 18. Kh1 Re8 19. Ne4 Qf5 20. Nd6 Qf6
21. Nxf7 Qxf7 22. Nd4 Rxe1+ 23. Rxe1 Qxb3 24. Nxb3 Bc6 25. Re7
Bf8 26. Re5 Bg7 27. Re7 Bxb2 28. Na5 Bf6 29. Nxc6 bxc6 30. Re6
Bc3 31. Rxc6 b4 32. Kg1 Kg7 33. Kf2 Kh6 34. Ke2 Kg5 35. Rc4
Kf5 36. a3 Be5 37. axb4 Bxh2 38. b5 Be5 39. b6 h5 40. b7 Bb8
41. Rc8 Ba7 42. b8=Q Bxb8 43. Rxb8 Kg4 44. Kf2 g5 45. Rb4+ Kf5
46. Kg3 Kg6 47. Rb5 Kf6 48. Kf3 Kg6 49. Ke4 g4 50. Kf4 Kh6
51. g3 Kg6 52. Rb6+ Kh7 53. Kg5 h4 54. Kxh4 Kg7 55. Kxg4 Kh7
56. Kg5 Kg7 57. Rb7+ Kf8 58. Kf6 Ke8 59. Rh7 Kd8 60. Ke6 Kc8
61. Kd6 1-0

[Event "FIDE Online Olympiad"]
[Site "Chess.com"]
[Date "2020.08.07"]
[EventDate "2020.08.07"]
[Round "1"]
[Result "1-0"]
[White "Geoffrey Borg"]
[Black "Araz Basim Mohammed S Al-Saffar"]
[WhiteElo "2367"]
[BlackElo "2371"]
[PlyCount "113"]

1. d4 d5 2. c4 c6 3. Nf3 Nf6 4. Qc2 dxc4 5. Qxc4 Bf5 6. g3 e6
7. Bg2 Be7 8. O-O O-O 9. e3 Nbd7 10. b3 Rc8 11. Bb2 b5 12. Qe2
Qb6 13. Nc3 b4 14. Na4 Qb5 15. Rfe1 Bd3 16. Qd1 Rfd8 17. Rc1
Qa6 18. Bf1 Bxf1 19. Rxf1 c5 20. Qe1 cxd4 21. Nxd4 Nc5
22. Qxb4 Nxa4 23. Qxa4 Qxa4 24. bxa4 Bc5 25. Nb3 Bb4 26. Bd4
a6 27. Rxc8 Rxc8 28. Rc1 Rxc1+ 29. Nxc1 Nd7 30. Nd3 Bd6 31. e4
e5 32. Be3 f6 33. f3 Kf7 34. Kf2 Ke7 35. Ke2 Kd8 36. Kd2 Kc7
37. Kc3 Kc6 38. Kc4 Nf8 39. Bc5 Ne6 40. Nb4+ Kd7 41. Nxa6 Ng5
42. Kd5 Bc7 43. Nxc7 Kxc7 44. f4 exf4 45. gxf4 Nf3 46. e5 fxe5
47. fxe5 Nxh2 48. Bd6+ Kc8 49. a5 Kb7 50. e6 Ng4 51. Be5 Ne3+
52. Ke4 Nc4 53. e7 Nxa5 54. e8=Q Nc6 55. Qd7+ Kb6 56. Bd4+ Kb5
57. Qb7+ 1-0

[Event "FIDE Online Olympiad"]
[Site "Chess.com"]
[Date "2020.08.07"]
[EventDate "2020.08.07"]
[Round "1"]
[Result "1-0"]
[White "Ali Layth Ahmed Ahmed"]
[Black "Jake Darmanin"]
[WhiteElo "2216"]
[BlackElo "2134"]
[PlyCount "117"]

1. d4 g6 2. c4 Bg7 3. Nc3 c5 4. Nf3 cxd4 5. Nxd4 Nc6 6. Nc2
Nf6 7. e4 O-O 8. Be2 b6 9. O-O Bb7 10. f3 d6 11. Be3 Rc8
12. Qd2 Re8 13. Rac1 Qc7 14. Nd5 Qb8 15. b3 e6 16. Nxf6+ Bxf6
17. Rfd1 Rcd8 18. Bg5 Bxg5 19. Qxg5 Ne7 20. Ne3 Kg7 21. Rd2
Qc7 22. b4 a5 23. a3 h6 24. Qg3 axb4 25. axb4 Kh7 26. Rcd1 e5
27. Ng4 Ng8 28. Qh4 Bc8 29. Ne3 Be6 30. f4 exf4 31. Qxf4 Ne7
32. Ng4 Ng8 33. Rxd6 Rxd6 34. Qxd6 Qxd6 35. Rxd6 Bxg4 36. Bxg4
Rxe4 37. Bf3 Rxc4 38. Rxb6 Rc2 39. Rb7 Rc1+ 40. Kf2 Rc2+
41. Ke3 h5 42. Rxf7+ Kh6 43. b5 Rb2 44. Rb7 Nf6 45. b6 g5
46. h3 g4 47. hxg4 hxg4 48. Bc6 Kg5 49. Rb8 Rc2 50. Ba8 Rb2
51. b7 Nd5+ 52. Kd4 Ne7 53. Re8 Kf6 54. b8=Q Rd2+ 55. Kc3 Rd7
56. Qf4+ Ke6 57. Qe3+ Kd6 58. Qf4+ Kc5 59. Qb4# 1-0

[Event "FIDE Online Olympiad"]
[Site "Chess.com"]
[Date "2020.08.07"]
[EventDate "2020.08.07"]
[Round "1"]
[Result "1-0"]
[White "Oana Caruana Pulpan"]
[Black "Sali Abbas Abdulzahra A-ALI"]
[WhiteElo "1873"]
[BlackElo "1749"]
[PlyCount "129"]

1. d4 d5 2. Nf3 Nf6 3. g3 e6 4. Bg2 Be7 5. O-O O-O 6. c4 b6
7. cxd5 exd5 8. Nc3 Be6 9. Ne5 c5 10. e3 cxd4 11. exd4 a6
12. Bf4 Nbd7 13. Nc6 Qe8 14. Nxe7+ Qxe7 15. Re1 Qd8 16. Rc1 b5
17. Qb3 Nb6 18. Nxb5 axb5 19. Bc7 Qd7 20. Bxb6 Rac8 21. Rxc8
Rxc8 22. Bc5 h6 23. a3 Bh3 24. Qf3 Bxg2 25. Qxg2 Ne4 26. b4
Ra8 27. Re3 Nd2 28. Re5 Rxa3 29. Qxd5 Nf3+ 30. Kg2 Nxe5
31. Qxe5 Ra8 32. Qe4 Rd8 33. g4 Qd5 34. Kf3 Qxe4+ 35. Kxe4 f6
36. d5 Kf7 37. Kd4 h5 38. gxh5 Rh8 39. Ba7 Rxh5 40. Kc5 Ke7
41. Kc6 Rh4 42. d6+ Ke6 43. d7 Rh8 44. Kc7 g5 45. d8=Q Rxd8
46. Kxd8 f5 47. Kc7 Kd5 48. Kb6 Kc4 49. Ka5 f4 50. Bc5 g4
51. Bd6 f3 52. Bc5 Kd3 53. Kxb5 Ke2 54. Kc4 Kf1 55. Kd3 Kg2
56. Ke3 Kxh2 57. Bd6+ Kg2 58. Bg3 Kf1 59. b5 Kg1 60. Kf4 Kf1
61. Kxg4 Ke2 62. Kf4 Kd3 63. Kxf3 Kc4 64. b6 Kc5 65. b7 1-0

[Event "FIDE Online Olympiad"]
[Site "Chess.com"]
[Date "2020.08.07"]
[EventDate "2020.08.07"]
[Round "1"]
[Result "1-0"]
[White "Zainab Asif Abdulah Al-Fayyadh"]
[Black "Filipina Thornton"]
[WhiteElo "1728"]
[BlackElo "1737"]
[PlyCount "125"]

1. e4 c5 2. Nc3 d6 3. f4 Nc6 4. Nf3 Nf6 5. Bb5 a6 6. Bxc6+
bxc6 7. d3 Bg4 8. O-O e5 9. f5 h6 10. h3 Bxf3 11. Qxf3 Nh7
12. Qg3 Qf6 13. Na4 Ng5 14. Nb6 Rb8 15. Nc4 Be7 16. b3 O-O
17. Bb2 Kh8 18. Nxe5 d5 19. Nc4 d4 20. Bc1 Nh7 21. Bf4 Rbd8
22. Be5 Qg5 23. Qe1 Nf6 24. Bf4 Qh5 25. Rf3 Nh7 26. Be5 Ng5
27. Rg3 f6 28. Bf4 Rg8 29. Qf2 Nf7 30. Rg6 Bd6 31. Nxd6 Nxd6
32. g4 Qxh3 33. Qg3 Qxg3+ 34. Bxg3 Nc8 35. Kg2 Ne7 36. Rh1
Nxg6 37. fxg6 Rge8 38. Bf4 Kg8 39. Kg3 Kf8 40. Rh5 Re6
41. Rxc5 Rde8 42. Ra5 c5 43. Rxc5 Rb6 44. Rd5 Rb5 45. Rxd4 Rc8
46. c4 Ra5 47. a3 Ke8 48. a4 Rac5 49. Rd6 R5c6 50. Rd5 Rb6
51. Rd6 Rxb3 52. e5 fxe5 53. Bxe5 Kf8 54. Kf4 Re8 55. d4 Ke7
56. Rxa6 Rb4 57. Bd6+ Kd7 58. Bxb4 Rb8 59. Ra7+ Kc6 60. d5+
Kb6 61. Rxg7 Ka6 62. Bd6 Rc8 63. c5 1-0

[Event "FIDE Online Olympiad"]
[Site "Chess.com"]
[Date "2020.08.07"]
[EventDate "2020.08.07"]
[Round "2"]
[Result "1-0"]
[White "Zainab Asif Abdulah Al-Fayyadh"]
[Black "Faratiana Raharimanana"]
[WhiteElo "1728"]
[BlackElo "1702"]
[PlyCount "109"]

1. e4 e5 2. Nf3 Nc6 3. Bb5 a6 4. Ba4 Nf6 5. O-O b5 6. Bb3 Be7
7. Re1 d6 8. c3 O-O 9. h3 Na5 10. Bc2 c5 11. d4 Qc7 12. Nbd2
Nc6 13. Nf1 h6 14. Ng3 Re8 15. Nf5 Bf8 16. b3 Ne7 17. N3h4 Bd7
18. d5 Nxf5 19. Nxf5 Kh7 20. c4 Ng8 21. Qf3 Bc8 22. Qg3 g6
23. Nh4 Qe7 24. f4 Bg7 25. f5 g5 26. Nf3 Nf6 27. Rf1 Nh5
28. Qg4 Nf6 29. Qg3 Rg8 30. Bxg5 Bf8 31. Qh4 Bg7 32. Bd2 Qf8
33. Kh1 Ne8 34. Ng5+ Kh8 35. Qh5 Ra7 36. Rf2 Nf6 37. Qh4 Nh7
38. Nxh7 Kxh7 39. Raf1 f6 40. g4 Qf7 41. Rg2 Bf8 42. Rfg1 bxc4
43. bxc4 Rb7 44. Bc1 Rb4 45. g5 fxg5 46. Bxg5 Rxc4 47. Bxh6
Bxh6 48. Rxg8 Rxc2 49. Qd8 Bg7 50. R8xg7+ Qxg7 51. Rxg7+ Kxg7
52. Qxc8 Rxa2 53. Qd7+ Kf8 54. Qxd6+ Ke8 55. Qxc5 1-0

[Event "FIDE Online Olympiad"]
[Site "Chess.com"]
[Date "2020.08.07"]
[EventDate "2020.08.07"]
[Round "2"]
[Result "1-0"]
[White "Toavina Razanadrakotoarisoa"]
[Black "Dhahir Habeeb Moazaz"]
[WhiteElo "1933"]
[BlackElo "1965"]
[PlyCount "81"]

1. e4 e5 2. Nf3 Nc6 3. Bc4 Bc5 4. d4 exd4 5. Ng5 Nh6 6. Bxf7+
Nxf7 7. Nxf7 Kxf7 8. Qh5+ g6 9. Qxc5 d6 10. Qb5 Re8 11. O-O
Rxe4 12. Qd5+ Re6 13. Bg5 Qe8 14. Nd2 Kg7 15. Nf3 Re4 16. Rae1
Bf5 17. b4 a6 18. a4 h6 19. Bd2 Qg8 20. Qxg8+ Rxg8 21. b5 axb5
22. axb5 Ne5 23. Rxe4 Bxe4 24. Nxd4 c5 25. Re1 Bd5 26. Ne2 Kh7
27. Nc3 Bc4 28. Ne4 Rd8 29. b6 Bb5 30. Bc3 g5 31. Bxe5 dxe5
32. Nxc5 Bc6 33. f3 Rd5 34. Nd3 Rb5 35. Rxe5 Rxb6 36. Kf2 Rb5
37. Rxb5 Bxb5 38. Ke3 Kg6 39. Kd4 b6 40. c4 Bd7 41. Ne5+ 1-0

[Event "FIDE Online Olympiad"]
[Site "Chess.com"]
[Date "2020.08.07"]
[EventDate "2020.08.07"]
[Round "2"]
[Result "1-0"]
[White "Yamama Asif Abdula Al-Fayyadh"]
[Black "Mitia Randriamaharo"]
[WhiteElo "1609"]
[BlackElo "1280"]
[PlyCount "75"]

1. e4 e5 2. Nf3 Nc6 3. Bb5 Nf6 4. O-O Bc5 5. d3 O-O 6. Bxc6
dxc6 7. Nxe5 Qe7 8. Nf3 Bg4 9. Nbd2 Rad8 10. Qe2 Rd7 11. h3
Bh5 12. Nb3 Bb6 13. Bg5 Rfd8 14. Rae1 h6 15. Bh4 Rd6 16. e5
Re6 17. exf6 Qe8 18. Qd1 g6 19. g4 Kh7 20. gxh5 Qg8 21. Rxe6
gxh5+ 22. Kh2 fxe6 23. Qe2 Qg6 24. Qe4 Rg8 25. Qxg6+ Kxg6
26. Rg1+ Kf7 27. Ne5+ Kf8 28. Rxg8+ Kxg8 29. f7+ Kf8 30. Nd2
c5 31. Ndc4 c6 32. Nxb6 axb6 33. Bd8 b5 34. Bb6 h4 35. Bxc5+
Kg7 36. f8=Q+ Kh7 37. Qf7+ Kh8 38. Ng6# 1-0

[Event "FIDE Online Olympiad"]
[Site "Chess.com"]
[Date "2020.08.07"]
[EventDate "2020.08.07"]
[Round "2"]
[Result "1-0"]
[White "Arlinda Aliu"]
[Black "Oana Caruana Pulpan"]
[WhiteElo "1742"]
[BlackElo "1873"]
[PlyCount "99"]

1. e4 c5 2. Nf3 Nc6 3. b3 e5 4. Bb2 d6 5. Be2 f5 6. Nc3 Nf6
7. O-O g6 8. exf5 Bxf5 9. d3 Bg7 10. Nh4 Bd7 11. Nf3 Bf5
12. Re1 O-O 13. Ne4 Nd4 14. Ng3 Nxe2+ 15. Qxe2 Bg4 16. h3 Bd7
17. Ng5 Nd5 18. N5e4 Nf4 19. Qf1 Bc6 20. f3 b6 21. Ne2 Nxe2+
22. Qxe2 Qd7 23. c4 Rae8 24. Rad1 b5 25. Bc1 a5 26. Bd2 a4
27. bxa4 bxa4 28. Rb1 Rb8 29. Rxb8 Rd8 30. Rxd8+ Qxd8 31. Rb1
Qc7 32. Ng5 Qc8 33. a3 Bf8 34. Ne4 Qa8 35. Rb6 Qc8 36. Qe3 Qc7
37. Rb1 Qe7 38. Qg5 Qxg5 39. Bxg5 Kf7 40. Rb6 Bxe4 41. dxe4 h6
42. Be3 g5 43. Ra6 Ke6 44. Rxa4 Be7 45. Ra7 h5 46. a4 Bd8
47. a5 g4 48. a6 gxf3 49. gxf3 Bh4 50. Rh7 1-0

[Event "FIDE Online Olympiad"]
[Site "Chess.com"]
[Date "2020.08.07"]
[EventDate "2020.08.07"]
[Round "2"]
[Result "1-0"]
[White "Kastriot Memeti"]
[Black "William Hewitt"]
[WhiteElo "2129"]
[BlackElo "2038"]
[PlyCount "171"]

1. d4 Nf6 2. Bf4 g6 3. Nc3 d5 4. e3 Bg7 5. h4 c5 6. dxc5 h5
7. Qd2 O-O 8. O-O-O Qa5 9. Kb1 Qxc5 10. Nxd5 Ne4 11. Qe1 e5
12. Bh2 Na6 13. f3 Nf6 14. Qc3 Nxd5 15. Qxc5 Nxc5 16. Rxd5 b6
17. Rd1 Be6 18. Bb5 Rfd8 19. Ne2 a6 20. Bc6 Rac8 21. Rxd8+
Rxd8 22. Nc3 Rd6 23. Ba8 Rd8 24. Bc6 Rd6 25. Ba8 Rd8 26. Be4
f5 27. Bc6 Rc8 28. Bd5 Kf7 29. Rd1 Bf6 30. Bg3 Nd7 31. e4 f4
32. Bf2 Rc7 33. Bb3 Be7 34. Nd5 Rc6 35. Nc3 Bxb3 36. axb3 Nc5
37. Nd5 Bf8 38. b4 Ne6 39. Bxb6 Bxb4 40. Bf2 Bc5 41. Be1 Nd4
42. b4 Bf8 43. c3 Nb5 44. Kb2 Ke6 45. Kb3 Bd6 46. Bf2 Bb8
47. c4 Nd6 48. Bc5 Nb7 49. Bf2 Nd6 50. c5 Nb5 51. Ra1 Ba7
52. Kc4 Bb8 53. g3 fxg3 54. Bxg3 Nd4 55. Ra3 Nc2 56. Rc3 Nd4
57. Bf2 Nb5 58. Rc1 Bc7 59. Ra1 Bd8 60. Ra2 Na7 61. f4 exf4
62. Nxf4+ Ke5 63. Bg3 Kxe4 64. Nd5 Kf3 65. Be1 Kg4 66. Rg2+
Kf3 67. Rf2+ Kg4 68. Rf8 Bxh4 69. Rf4+ Kh3 70. Bxh4 Nb5
71. Bf6 Kg3 72. Rf1 h4 73. Rg1+ Kf2 74. Rxg6 Kf3 75. Rh6 Kg4
76. Rxh4+ Kf5 77. Rh5+ Ke4 78. Rh4+ Kf3 79. Rf4+ Ke2 80. Nc3+
Nxc3 81. Bxc3 Ke3 82. Rf6 Rc7 83. Rxa6 Ke4 84. Re6+ Kf5
85. Re8 Kg6 86. Rf8 1-0

[Event "FIDE Online Olympiad"]
[Site "Chess.com"]
[Date "2020.08.07"]
[EventDate "2020.08.07"]
[Round "2"]
[Result "1-0"]
[White "Tyani De Rycke"]
[Black "Venetia Sivarajasingam"]
[WhiteElo "1924"]
[BlackElo "1713"]
[PlyCount "67"]

1. e4 e6 2. d4 d5 3. exd5 exd5 4. Nf3 Bd6 5. Bd3 Nf6 6. O-O
O-O 7. Bg5 c6 8. h3 Nbd7 9. c3 Re8 10. Nbd2 Nf8 11. Qc2 Be6
12. Ne5 c5 13. Bb5 N8d7 14. Bxf6 gxf6 15. Nxd7 Bxd7 16. Bxd7
Qxd7 17. dxc5 Bxc5 18. Nb3 Bb6 19. Rad1 Kh8 20. Qd3 Rad8
21. Qf3 Qd6 22. Nd4 Rg8 23. Nf5 Qd7 24. Rfe1 Rg5 25. Rxd5 Qc8
26. Ne7 Qc7 27. Qxf6+ Rg7 28. Nf5 Bxf2+ 29. Kxf2 Qf4+ 30. Kg1
Rg8 31. Qxg7+ Rxg7 32. Rd8+ Rg8 33. Rxg8+ Kxg8 34. Re8# 1-0

[Event "FIDE Online Olympiad"]
[Site "Chess.com"]
[Date "2020.08.07"]
[EventDate "2020.08.07"]
[Round "2"]
[Result "1-0"]
[White "Richmond Phiri"]
[Black "Rafat Issa"]
[WhiteElo "2270"]
[BlackElo "2392"]
[PlyCount "97"]

1. d4 Nf6 2. c4 g6 3. Nc3 Bg7 4. Nf3 O-O 5. Bf4 d6 6. e3 b6
7. Be2 Bb7 8. O-O Nh5 9. Bg5 h6 10. Bh4 g5 11. Nd2 Nf4
12. exf4 gxh4 13. Bf3 Bxf3 14. Nxf3 h3 15. g3 c5 16. Rc1 Nd7
17. Re1 Nf6 18. d5 Re8 19. Nh4 Qd7 20. Qd3 a6 21. a4 e6
22. dxe6 fxe6 23. Qf1 d5 24. Qxh3 d4 25. Ne4 Nxe4 26. Rxe4 d3
27. b3 d2 28. Rd1 Qd3 29. Re3 Qc2 30. Qf1 Rad8 31. Nf3 Rd6
32. Qe2 Red8 33. Kg2 Kf7 34. h3 a5 35. Nh4 Bf6 36. Nf3 Kg7
37. g4 Bc3 38. g5 h5 39. Nh4 Rf8 40. f5 exf5 41. Qxh5 Kg8
42. Ng6 Rxg6 43. Qxg6+ Bg7 44. Re7 Qc3 45. Rxd2 f4 46. Rdd7
f3+ 47. Kh2 Kh8 48. Qxg7+ Qxg7 49. Rxg7 1-0

[Event "FIDE Online Olympiad"]
[Site "Chess.com"]
[Date "2020.08.07"]
[EventDate "2020.08.07"]
[Round "2"]
[Result "1-0"]
[White "Lorita Mwango"]
[Black "Alshaeby Boshra"]
[WhiteElo "1874"]
[BlackElo "1978"]
[PlyCount "101"]

1. d4 Nf6 2. Bf4 g6 3. e3 Bg7 4. Bc4 O-O 5. c3 d6 6. Nf3 Nfd7
7. O-O Nc6 8. a3 e5 9. Bg3 h6 10. Nbd2 Kh8 11. h3 f5 12. Qc2
e4 13. Ne1 Nf6 14. f3 Nh5 15. Bh2 d5 16. Be2 Qg5 17. f4 Qh4
18. Rf2 Be6 19. Nf1 Qe7 20. c4 Nf6 21. Rc1 Rf7 22. b4 Rg8
23. Kh1 Nd8 24. Qa4 a6 25. Qb3 g5 26. fxg5 hxg5 27. cxd5 Nxd5
28. Bc4 c6 29. Bxd5 Bxd5 30. Qc2 Ne6 31. Qe2 Bf8 32. Be5+ Kh7
33. Qh5+ Bh6 34. Ng3 f4 35. Nc2 Ng7 36. Bxg7 Rgxg7 37. exf4
gxf4 38. Nf5 Qg5 39. Nxg7 Qxg7 40. Rg1 e3 41. Rff1 Kg8 42. Ne1
Bc4 43. Nf3 Bxf1 44. Rxf1 Qf6 45. Ne5 Rg7 46. Ng4 Qxd4
47. Nxh6+ Kf8 48. Nf5 Qe4 49. Qh8+ Rg8 50. Qf6+ Ke8 51. Nd6+
1-0

[Event "FIDE Online Olympiad"]
[Site "Chess.com"]
[Date "2020.08.07"]
[EventDate "2020.08.07"]
[Round "2"]
[Result "1-0"]
[White "Chola Musonda"]
[Black "Sameer Loay"]
[WhiteElo "2044"]
[BlackElo "2050"]
[PlyCount "211"]

1. e4 d6 2. d4 g6 3. Nc3 Bg7 4. Nf3 Nf6 5. Bc4 O-O 6. h3 Nxe4
7. Nxe4 d5 8. Bd3 dxe4 9. Bxe4 Nd7 10. c3 Nf6 11. Bc2 b6
12. O-O Bb7 13. Re1 e6 14. Bg5 h6 15. Bf4 Qe7 16. Ne5 c5
17. Bb3 Nd5 18. Bg3 cxd4 19. cxd4 Rfc8 20. Qd3 a5 21. Rac1 a4
22. Rxc8+ Rxc8 23. Bd1 Qf6 24. Qd2 b5 25. Ng4 Qxd4 26. Nxh6+
Kf8 27. Bd6+ Ke8 28. Qe2 Bxh6 29. Qxb5+ Bc6 30. Qa6 Bd7
31. Bf3 Qb6 32. Qxb6 Nxb6 33. Bb4 Rc1 34. Bd1 Nd5 35. Ba5 Bb5
36. Kh2 Kd7 37. g3 Bg7 38. Bxa4 Bxa4 39. Rxc1 Bxb2 40. Rb1 Be5
41. Rb7+ Nc7 42. Ra7 Bd1 43. Bb4 Kc6 44. Ra5 Nd5 45. Bd2 Bd4
46. Kg2 Bb6 47. Ra8 Kd6 48. a4 Nc7 49. Rb8 Bc5 50. a5 Ba4
51. Bb4 Bc6+ 52. Kh2 Na6 53. Bxc5+ Nxc5 54. h4 e5 55. g4 Be4
56. a6 Ke7 57. a7 Nd3 58. Kg3 Nf4 59. a8=Q Bxa8 60. Rxa8 Kf6
61. Ra6+ Ke7 62. Ra4 Ne2+ 63. Kh3 Nf4+ 64. Kh2 Ke6 65. Ra6+
Ke7 66. Kg3 f5 67. h5 gxh5 68. gxf5 Nd3 69. f3 Kf7 70. Kh4 Ne1
71. Kxh5 Nxf3 72. Kg4 Nd4 73. Rd6 Ke7 74. Rd5 Kf6 75. Rd6+ Ke7
76. Ra6 Kf7 77. Rb6 Kg7 78. Kg5 Nf3+ 79. Kh5 Nd4 80. Kg4 Kf7
81. Rb8 Kf6 82. Re8 Kf7 83. Rxe5 Kf6 84. Rd5 Ne2 85. Rd6+ Kf7
86. Rd2 Nc3 87. Rd7+ Kf6 88. Rd6+ Kf7 89. Re6 Nd5 90. Kg5 Ne7
91. Rf6+ Kg7 92. Ra6 Kf7 93. Ra7 Kf8 94. Rxe7 Kxe7 95. Kg6 Kf8
96. Kf6 Kg8 97. Ke7 Kg7 98. f6+ Kg6 99. f7 Kh7 100. f8=Q Kg6
101. Qf6+ Kh5 102. Qg7 Kh4 103. Ke6 Kh3 104. Kf5 Kh2 105. Kf4
Kh1 106. Kf3 1-0

[Event "FIDE Online Olympiad"]
[Site "Chess.com"]
[Date "2020.08.07"]
[EventDate "2020.08.07"]
[Round "2"]
[Result "1-0"]
[White "Elena Nekrasova"]
[Black "Manunthon Atikankhotchasee"]
[WhiteElo "1920"]
[BlackElo "1549"]
[PlyCount "55"]

1. e4 c5 2. Nf3 g6 3. d4 cxd4 4. Nxd4 Bg7 5. Nc3 Nc6 6. Nb3
Nf6 7. Be2 O-O 8. O-O d6 9. Bg5 h6 10. Bh4 Kh7 11. f4 a6
12. Bf3 Qb6+ 13. Kh1 Be6 14. Nd5 Bxd5 15. exd5 Na7 16. c3 Rfe8
17. a4 Rac8 18. Bf2 Qc7 19. Bxa7 b6 20. Bxb6 Qxb6 21. a5 Qb5
22. Rf2 Nd7 23. Nd4 Qc4 24. Ra4 Qc5 25. Re2 Nb8 26. Qd3 f5
27. Ne6 Bf6 28. Nxc5 1-0

[Event "FIDE Online Olympiad"]
[Site "Chess.com"]
[Date "2020.08.07"]
[EventDate "2020.08.07"]
[Round "2"]
[Result "1-0"]
[White "Sarocha Chuemsakul"]
[Black "Nour Assoum"]
[WhiteElo "1694"]
[BlackElo "1400"]
[PlyCount "91"]

1. c4 e5 2. Nc3 Nf6 3. d3 d5 4. cxd5 Bb4 5. Qa4+ Qd7 6. Qxb4
Nxd5 7. Nxd5 Qxd5 8. Nf3 Nc6 9. Qa3 Bg4 10. e4 Qd7 11. Be2
Bxf3 12. Bxf3 Nd4 13. Bd1 a6 14. O-O h5 15. Be3 h4 16. Bxd4
Qxd4 17. Qa4+ Qxa4 18. Bxa4+ b5 19. Bb3 g5 20. Rac1 Rc8
21. Bd5 c5 22. b4 c4 23. dxc4 bxc4 24. Bxc4 Rb8 25. Bxa6 Kf8
26. Rc8+ Rxc8 27. Bxc8 Ke7 28. Rc1 Rd8 29. b5 Rd4 30. b6 Kd8
31. b7 Rb4 32. a4 g4 33. a5 f5 34. a6 g3 35. hxg3 hxg3 36. a7
gxf2+ 37. Kf1 Rxe4 38. b8=Q Re1+ 39. Rxe1 fxe1=Q+ 40. Kxe1 e4
41. Bxf5+ Ke7 42. Qe5+ Kf7 43. Qe6+ Kg7 44. Qe7+ Kh6 45. g4 e3
46. Qf6# 1-0

[Event "FIDE Online Olympiad"]
[Site "Chess.com"]
[Date "2020.08.07"]
[EventDate "2020.08.07"]
[Round "3"]
[Result "1-0"]
[White "Thanadon Kulpruethanon"]
[Black "Fy Antenaina Rakotomaharo"]
[WhiteElo "2190"]
[BlackElo "2370"]
[PlyCount "89"]

1. c4 e5 2. g3 c6 3. d4 e4 4. Bg2 d5 5. Nc3 Nf6 6. Bg5 Bb4
7. Nh3 O-O 8. cxd5 Bxh3 9. Bxh3 cxd5 10. O-O Bxc3 11. bxc3 h6
12. Bxf6 Qxf6 13. Qb3 Qc6 14. Rfc1 Nd7 15. Bxd7 Qxd7 16. c4
dxc4 17. Rxc4 h5 18. h4 b5 19. Rb4 Rab8 20. a4 bxa4 21. Qxa4
Qg4 22. Rxb8 Rxb8 23. Qxa7 Rb2 24. Qe7 Qf5 25. Qe5 Qxe5
26. dxe5 Rxe2 27. Kf1 Rb2 28. Ra4 e3 29. f4 Rb1+ 30. Ke2 Rg1
31. Kxe3 Rxg3+ 32. Ke4 Rg4 33. Ra8+ Kh7 34. Ra7 Kg8 35. Ra8+
Kh7 36. Ra7 Kg6 37. Ra6+ f6 38. e6 Rxh4 39. Ra8 f5+ 40. Ke5
Rh1 41. e7 Re1+ 42. Kd6 Rd1+ 43. Kc5 Rc1+ 44. Kd4 Rd1+ 45. Kc3
1-0